From Plassey to partition and after: (Record no. 93276)

MARC details
000 -LEADER
fixed length control field 00975nam a22002537a 4500
005 - DATE AND TIME OF LATEST TRANSACTION
control field 20211116175632.0
010 ## - LCCN (DPL NO)
LC control number ENG-112848 B-710606, B-129110
020 ## - INTERNATIONAL STANDARD BOOK NUMBER
Terms of availability 425.00
International Standard Book Number 9788125057239
035 ## - SYSTEM CONTROL NUMBER
System control number EN-96380,b-129106
035 ## - SYSTEM CONTROL NUMBER
System control number B-710606
037 ## - SOURCE OF ACQUISITION
Source of stock number/acquisition DBAD/PUB
037 ## - SOURCE OF ACQUISITION
Source of stock number/acquisition RK Books
082 ## - DEWEY DECIMAL CLASSIFICATION NUMBER
Classification number 954.085
100 ## - MAIN ENTRY--PERSONAL NAME
Personal name Bandyopadhyay, Sekhar
245 ## - TITLE STATEMENT
Title From Plassey to partition and after:
Statement of responsibility, etc by Sekhar Bandyopadhyay
Remainder of title a history of modern India /
250 ## - EDITION STATEMENT
Edition statement 2nd ed.
260 ## - PUBLICATION, DISTRIBUTION, ETC. (IMPRINT)
Place of publication, distribution, etc New Delhi
Name of publisher, distributor, etc Orient BlackSwan
Date of publication, distribution, etc 2017
270 ## - ADDRESS
Address 1/24, Asaf Ali Road,
City New Delhi
Postal code 110002
270 ## - ADDRESS
Address 3-6-752, Himayatnagar
City Hyderabad
Postal code 500029
300 ## - PHYSICAL DESCRIPTION
Extent xxi, 586p.
Dimensions 22cm(pbk)
500 ## - GENERAL NOTE
General note Includes bibliographical references and index
942 ## - ADDED ENTRY ELEMENTS (KOHA)
Source of classification or shelving scheme Dewey Decimal Classification
Item type English Books
Call number suffix BAN
Classification part 954.085
Holdings
Withdrawn status Lost status Not for loan Collection code Home library Current library Date acquired Source of acquisition Cost, normal purchase price Full call number Barcode Copy number Cost, replacement price Koha item type
    Not For Loan Non-fiction D.B.Act.Division D.B.Act.Division 01/05/2015 DBAD/PUB 395.00 954.085 BAN EN-96380 1 395.00 English Books
      Non-fiction Patel Nagar Patel Nagar 22/10/2018 RK Books/IN1915/18-19/13-10-18/532/04-10-18/15-10-18 425.00 954.085 BAN B-710606 1 425.00 English Books
      Non-fiction R.K.Puram-8 R.K.Puram-8 16/11/2021   250.00 954.085 BAN B-129110 1 250.00 English Books
      Non-fiction Tri Nagar Tri Nagar 26/07/2018 BPPD/pub 250.00 954.085 BAN b-129106   225.00 English Books

© Delhi Public Library
Hit Counter
free hit counter